Football Clubs by Random Images - Statistics

General Stats
  • This quiz has been taken 77 times
  • The average score is 11 of 15
Answer Stats
Picture Answer % Correct
Manchester City
98%
Manchester United
95%
Leicester
89%
Real Madrid
87%
Atletico Madrid
81%
Ajax
79%
Bayern Munich
77%
Southampton
76%
Benfica
69%
FC Porto
68%
Juventus
61%
Union Berlin
53%
Marseille
48%
RB Salzburg
47%
Everton
45%
No matching quizzes found
Score Distribution
Percent of People with Each Score
Percentile by Number Answered
Your Score History
You have not taken this quiz